Understanding optical communications /

Enregistré dans:
Détails bibliographiques
Auteur principal: Dutton, Harry J. R.
Format: Livre
Langue:English
Publié: Upper Saddle River, N.J. : Prentice Hall PTR, 1998.
Sujets:
Tags: Ajouter un tag
Pas de tags, Soyez le premier à ajouter un tag!
Thư viện lưu trữ: Mạng thư viện Đại học Đà Nẵng
LEADER 00967cam a2200361 i 4500
001 000046184
003 5637
005 20030325151351.0
008 010220|1998 vm 000 eng
020 |a 0130201413 (pbk.) 
040 |a IRC  |c IRC  |d IRC 
041 0 |a eng 
082 1 4 |a 621.3827  |b DU-H 
100 1 |a Dutton, Harry J. R. 
245 0 0 |a Understanding optical communications /  |c Harry J. R. Dutton. 
260 |a Upper Saddle River, N.J. :  |b Prentice Hall PTR,  |c 1998. 
300 |a xxxvi, 760p. :  |b ill. 
630 0 4 |a Laser. 
630 0 4 |a Optical communications. 
650 0 4 |a Optical communications. 
650 0 4 |a Optical fibers. 
650 0 4 |a Optical interconnects. 
650 0 4 |a Laser communication systems. 
OWN |a DUT 
999 |a From the UDN01 
TYP |a Monograph 
TYP |a Printed language 
980 |a Mạng thư viện Đại học Đà Nẵng